Grammar Quiz #8 - Statistics

General Stats
  • This quiz has been taken 415 times
  • The average score is 8 of 10
Answer Stats
Question Answer % Correct
I (do'nt/don't/dont') know. Don't
100%
It was hard to choose (among/between) the blue pen and the black pen. Between
98%
That shop is selling (sausage's/sausages'/sausages). Sausages
98%
(It's/Its) a good thing I (bought/brought) my umbrella with me today. It's, brought
95%
Which is the correct sentence? I have made a lot of biscuits.
93%
Which sentence uses passive voice? The dinner was eaten by me.
86%
Which abbreviation means 'for example'? e.g.
81%
Which is the correct sentence? I peeked around the corner to take a closer look.
79%
The best things about my grandma (were/was) her smile and her cooking. Were
63%
Is this correct colon use? 'The ingredients were: flour, butter, sugar, and eggs' No
49%
No matching quizzes found
Score Distribution
Percent of People with Each Score
Percentile by Number Answered
Your Score History
You have not taken this quiz